Air and Gas Drilling Manual : (Record no. 13366)
[ view plain ]
| 000 -LEADER | |
|---|---|
| fixed length control field | 01822cam a22003734a 4500 |
| 001 - CONTROL NUMBER | |
| control field | 12158835 |
| 005 - DATE AND TIME OF LATEST TRANSACTION | |
| control field | 20040707121112.0 |
| 008 - FIXED-LENGTH DATA ELEMENTS--GENERAL INFORMATION | |
| fixed length control field | 000830s2009 nyua |r 001 0 eng |
| 010 ## - LIBRARY OF CONGRESS CONTROL NUMBER | |
| LC control number | 00046287 |
| 020 ## - INTERNATIONAL STANDARD BOOK NUMBER | |
| International Standard Book Number | 0070393125 (recycled, acidfree paper) |
| 040 ## - CATALOGING SOURCE | |
| Original cataloging agency | DLC |
| Transcribing agency | DLC |
| Modifying agency | DLC |
| 042 ## - AUTHENTICATION CODE | |
| Authentication code | pcc |
| 050 00 - LIBRARY OF CONGRESS CALL NUMBER | |
| Classification number | TN871.2 |
| Item number | .L94 2009 |
| 082 00 - DEWEY DECIMAL CLASSIFICATION NUMBER | |
| Classification number | 622.338 |
| Edition number | 22 |
| Item number | AIR |
| 100 1# - MAIN ENTRY--PERSONAL NAME | |
| Personal name | Lyons, William C. |
| 9 (RLIN) | 11294 |
| 245 10 - TITLE STATEMENT | |
| Title | Air and Gas Drilling Manual : |
| Remainder of title | Engineering Applications for Water Wells, Monitoring Wells, Mining Boreholes, Geotechnical Boreholes, and Oil andGas Recovery Wells / |
| Statement of responsibility, etc | William C. Lyons, Boyun Guo, Frank A. Seidel. |
| 250 ## - EDITION STATEMENT | |
| Edition statement | 3rd ed. |
| 260 ## - PUBLICATION, DISTRIBUTION, ETC. (IMPRINT) | |
| Place of publication, distribution, etc | New York : |
| Name of publisher, distributor, etc | McGraw-Hill, |
| Date of publication, distribution, etc | c2009. |
| 300 ## - PHYSICAL DESCRIPTION | |
| Extent | 1 v. (various pagings) : |
| Other physical details | ill. ; |
| Dimensions | 24 cm. |
| 440 #0 - | |
| -- | McGraw-Hill professional engineering |
| -- | 11295 |
| 500 ## - GENERAL NOTE | |
| General note | Includes index. |
| 650 #0 - SUBJECT ADDED ENTRY--TOPICAL TERM | |
| Topical term or geographic name as entry element | Air drilling (Petroleum engineering) |
| 9 (RLIN) | 11296 |
| 650 #0 - SUBJECT ADDED ENTRY--TOPICAL TERM | |
| Topical term or geographic name as entry element | Gas drilling (Petroleum engineering) |
| 9 (RLIN) | 11297 |
| 700 1# - ADDED ENTRY--PERSONAL NAME | |
| Personal name | Lyons, william c. |
| 9 (RLIN) | 11298 |
| 700 1# - ADDED ENTRY--PERSONAL NAME | |
| Personal name | Guo, Boyun. |
| 9 (RLIN) | 11298 |
| 700 1# - ADDED ENTRY--PERSONAL NAME | |
| Personal name | Guo, Boyun. |
| 9 (RLIN) | 11298 |
| 700 1# - ADDED ENTRY--PERSONAL NAME | |
| Personal name | Seidel, Frank A. |
| 9 (RLIN) | 11299 |
| 856 42 - ELECTRONIC LOCATION AND ACCESS | |
| Materials specified | Contributor biographical information |
| Uniform Resource Identifier | <a href="http://www.loc.gov/catdir/bios/mh041/00046287.html">http://www.loc.gov/catdir/bios/mh041/00046287.html</a> |
| 856 42 - ELECTRONIC LOCATION AND ACCESS | |
| Materials specified | Publisher description |
| Uniform Resource Identifier | <a href="http://www.loc.gov/catdir/description/mh021/00046287.html">http://www.loc.gov/catdir/description/mh021/00046287.html</a> |
| 856 41 - ELECTRONIC LOCATION AND ACCESS | |
| Materials specified | Table of contents |
| Uniform Resource Identifier | <a href="http://www.loc.gov/catdir/toc/mh021/00046287.html">http://www.loc.gov/catdir/toc/mh021/00046287.html</a> |
| 942 ## - ADDED ENTRY ELEMENTS (KOHA) | |
| Source of classification or shelving scheme | Dewey Decimal Classification |
| Item type | Book - Borrowing |
| Withdrawn status | Item status | Source of classification or shelving scheme | Damaged status | Not for loan | Vendor | Home library | Current library | Shelving location | Date acquired | Source of acquisition | Cost, normal purchase price | Serial Enumeration / chronology | Total Checkouts | Total Renewals | Full call number | Barcode | Date last seen | Date last borrowed | Koha item type |
|---|---|---|---|---|---|---|---|---|---|---|---|---|---|---|---|---|---|---|---|
| Dewey Decimal Classification | Alahram | Central Library | Central Library | First floor | 11/02/2010 | 629.00 | 38 | 7 | 3 | 622.338 LYO | 000019168 | 15/07/2025 | 22/06/2015 | Book - Borrowing |